[Event "XV Konik Morski Rewala - Open B"]
[Site "Rewal"]
[Date "2010.08.24"]
[Round "5.36"]
[White "Cwik, Jacek"]
[Black "Dziodzio, Angelika"]
[Result "0-1"]
[WhiteElo "1701"]
[BlackElo "1820"]
[PlyCount "124"]
[EventDate "2010.??.??"]

1. e4 c5 2. Nc3 d6 3. f4 g6 4. Nf3 Bg7 5. Bc4 Nc6 6. O-O e6 7. d3 Nge7 8. Qe1
O-O 9. f5 d5 10. Bb3 dxe4 11. dxe4 exf5 12. Qh4 Ne5 13. Bg5 Nxf3+ 14. Rxf3 Qd4+
15. Rf2 Nc6 16. Rd1 Qe5 17. Nd5 Qxe4 18. Rf4 Qe2 19. c3 Qh5 20. Qg3 h6 21. Bxh6
Qxh6 22. Rh4 Be5 23. Nf6+ Kg7 24. Qh3 Qxh4 25. Qxh4 Bxf6 26. Qf2 Be7 27. Qe3
Bd8 28. Bd5 Bb6 29. c4 Rd8 30. Qc3+ Nd4 31. Re1 Rd7 32. Re8 Rd8 33. Qe3 Bc7 34.
Qe7 Be6 35. Qf8+ Kf6 36. Qh8+ Kg5 37. g3 Ne2+ 38. Kf2 Nxg3 39. hxg3 Bxg3+ 40.
Kxg3 f4+ 41. Kf2 Rxe8 42. Qe5+ Bf5 43. Qc7 f6 44. Bxb7 Rad8 45. Bd5 Rd7 46.
Qxc5 Rde7 47. Bf3 a6 48. b4 Re5 49. Qd6 R8e6 50. Qd1 a5 51. Qg1+ Kh6 52. Qh2+
Kg7 53. Qxf4 axb4 54. Qd4 Re7 55. c5 Be4 56. c6 Rf5 57. c7 Rxf3+ 58. Ke2 Bb7+
59. Kd1 Rxc7 60. Qxb4 Rf2 61. Qb6 Bf3+ 62. Ke1 Re2+ 0-1

[Event "XV Konik Morski Rewala - Open B"]
[Site "Rewal"]
[Date "2010.08.24"]
[Round "5.37"]
[White "Poswiatowski, Stanislaw"]
[Black "Grabowski, Jan"]
[Result "0-1"]
[WhiteElo "1667"]
[BlackElo "1807"]
[PlyCount "94"]
[EventDate "2010.??.??"]

1. d4 e6 2. Nf3 b6 3. c4 Bb7 4. Nc3 Nf6 5. Bg5 Be7 6. e3 d6 7. Bd3 h6 8. Bh4
Nbd7 9. Bg3 O-O 10. e4 c5 11. dxc5 Nxc5 12. Qe2 Nfd7 13. Bc2 e5 14. Nd5 Bxd5
15. cxd5 a6 16. O-O b5 17. b4 Nb7 18. Rfc1 Nb6 19. Bb3 f5 20. Bxe5 dxe5 21. d6+
Kh8 22. dxe7 Qxe7 23. exf5 e4 24. Nd4 Qxb4 25. Nc6 Qd6 26. Qxe4 Nc5 27. Qe7
Qxe7 28. Nxe7 Nxb3 29. axb3 Rf6 30. Rc7 Kh7 31. g4 Rd6 32. Kg2 Rd4 33. f3 Nd7
34. Ng6 a5 35. Re1 a4 36. bxa4 bxa4 37. Re7 a3 38. f6 Kxg6 39. f7 Nf8 40. Rc6+
Kh7 41. Re8 Rdd8 42. Rxd8 Rxd8 43. Ra6 Rd2+ 44. Kg3 a2 45. h4 g6 46. Ra7 Kg7
47. h5 Nd7 0-1

[Event "XV Konik Morski Rewala - Open B"]
[Site "Rewal"]
[Date "2010.08.24"]
[Round "5.38"]
[White "Kaczmarek, Alicja"]
[Black "Kowalski, Maciej"]
[Result "1-0"]
[WhiteElo "1806"]
[BlackElo "1649"]
[PlyCount "67"]
[EventDate "2010.??.??"]

1. e4 d5 2. exd5 Nf6 3. d4 Nxd5 4. c4 Nb6 5. Nc3 e5 6. Nf3 exd4 7. Nxd4 c5 8.
Nf3 Qxd1+ 9. Nxd1 Nc6 10. b3 Bf5 11. Ne3 Bg6 12. Bb2 O-O-O 13. Be2 Nd4 14. Ne5
f6 15. Nxg6 hxg6 16. Rd1 Nxe2 17. Kxe2 Bd6 18. a4 Rhe8 19. h4 f5 20. Kf3 Be5
21. Bxe5 Rxe5 22. Rxd8+ Kxd8 23. Kf4 Re6 24. h5 Ke7 25. Kg5 Kf7 26. h6 Re8 27.
h7 Rh8 28. Nd5 Nc8 29. Nf4 Ne7 30. a5 a6 31. f3 Ke8 32. Nxg6 Nxg6 33. Kxg6 Kf8
34. Rd1 1-0

[Event "XV Konik Morski Rewala - Open B"]
[Site "Rewal"]
[Date "2010.08.24"]
[Round "5.39"]
[White "Rabeda, Grzegorz"]
[Black "Botor, Michalina"]
[Result "1/2-1/2"]
[WhiteElo "1520"]
[BlackElo "1785"]
[PlyCount "41"]
[EventDate "2010.??.??"]

1. d4 d5 2. c4 c6 3. Nf3 Nf6 4. Qc2 Bg4 5. Ne5 Bh5 6. g3 e6 7. Bg2 Be7 8. O-O
Bg6 9. Qb3 Qc8 10. Nc3 Nbd7 11. Nxg6 hxg6 12. cxd5 exd5 13. Bg5 Rh5 14. h4 Bd6
15. Bf3 Rh8 16. e4 dxe4 17. Nxe4 Nxe4 18. Bxe4 Nf6 19. Bd3 Rb8 20. Rfe1+ Kf8
21. Bc4 1/2-1/2

[Event "XV Konik Morski Rewala - Open B"]
[Site "Rewal"]
[Date "2010.08.24"]
[Round "5.41"]
[White "Szczurek, Natalia"]
[Black "Kopica, Paulina"]
[Result "1-0"]
[WhiteElo "1729"]
[BlackElo "1567"]
[PlyCount "105"]
[EventDate "2010.??.??"]

1. e4 e6 2. d4 d5 3. Nd2 a6 4. c3 c5 5. g3 Nc6 6. Ne2 cxd4 7. cxd4 dxe4 8. Nxe4
Bb4+ 9. N4c3 Qd5 10. Rg1 Nf6 11. Bg2 Qd8 12. Qa4 Bxc3+ 13. bxc3 Bd7 14. Qb3 b5
15. Ba3 Rc8 16. Bc5 Qc7 17. Nf4 Na5 18. Qa3 e5 19. Nd3 e4 20. Nb4 Ra8 21. f3
Nc4 22. Nxa6 Kd8 23. Be7+ Kc8 24. Nxc7 Rxa3 25. Bxa3 Nxa3 26. Na6 Nc2+ 27. Kd2
Nxa1 28. fxe4 Re8 29. e5 Ng4 30. Rxa1 Nxh2 31. Rh1 Ng4 32. Rxh7 Rg8 33. Rh1 Be6
34. Rb1 Bc4 35. Bh3 Be6 36. Bxg4 Bxg4 37. Rxb5 Kd7 38. Rb7+ Ke6 39. Nc5+ Kd5
40. Rxf7 Rh8 41. Rxg7 Rh2+ 42. Ke3 Bf5 43. g4 Rh3+ 44. Kf4 Bc2 45. Rd7+ Kc4 46.
e6 Bd1 47. e7 Rf3+ 48. Kg5 Re3 49. a4 Kxc3 50. a5 Bf3 51. a6 Kc4 52. a7 Kb5 53.
Nb7 1-0

[Event "XV Konik Morski Rewala - Open B"]
[Site "Rewal"]
[Date "2010.08.24"]
[Round "5.42"]
[White "Zawada, Jozef"]
[Black "Zezulkin, Alina"]
[Result "1-0"]
[WhiteElo "1838"]
[BlackElo "1653"]
[PlyCount "61"]
[EventDate "2010.??.??"]

1. d4 Nf6 2. c4 g6 3. Nc3 d5 4. e3 Bg7 5. Nf3 O-O 6. Bd3 c5 7. O-O b6 8. dxc5
bxc5 9. cxd5 Bb7 10. e4 Nbd7 11. h3 Nb6 12. Be3 Rc8 13. Rc1 a6 14. b3 Re8 15.
Bc4 Nfd7 16. Qd3 Nxc4 17. bxc4 e6 18. Rb1 Ba8 19. Rb3 exd5 20. exd5 Qa5 21. a3
Rb8 22. Ne2 Rxb3 23. Qxb3 Rb8 24. Qd3 Rb2 25. Nc1 Nb6 26. Nd2 Qa4 27. Bxc5 Nd7
28. Be3 Ne5 29. Qe4 Rc2 30. Ncb3 Rc3 31. Bd4 1-0

[Event "XV Konik Morski Rewala - Open B"]
[Site "Rewal"]
[Date "2010.08.24"]
[Round "5.43"]
[White "Mirski, Roman"]
[Black "Strumilo, Slawomir"]
[Result "0-1"]
[WhiteElo "1592"]
[BlackElo "1821"]
[PlyCount "69"]
[EventDate "2010.??.??"]

1. e4 c5 2. Nf3 a6 3. d4 cxd4 4. Nxd4 Nf6 5. Nc3 e5 6. Nf5 d5 7. Bg5 Bb4 8.
Bxf6 Qxf6 9. Qxd5 O-O 10. Bd3 Bxf5 11. Qxb7 Nc6 12. O-O Bxc3 13. exf5 Rfb8 14.
Qd7 Rd8 15. Qb7 Ba5 16. Be4 Nd4 17. c3 Rab8 18. Qa7 Bb6 19. Qxa6 Nc2 20. Qe2
Nxa1 21. Rxa1 Rd7 22. Rd1 Rxd1+ 23. Qxd1 Bxf2+ 24. Kxf2 Qh4+ 25. Kf1 Qxe4 26.
b4 Qxf5+ 27. Qf3 Qb1+ 28. Kf2 Qxa2+ 29. Qe2 Qxe2+ 30. Kxe2 f5 31. Kd3 Kf7 32.
Kc4 Ke6 33. Kd3 g5 34. Kc4 h5 35. Kc5 0-1

[Event "XV Konik Morski Rewala - Open B"]
[Site "Rewal"]
[Date "2010.08.24"]
[Round "5.44"]
[White "Jasniewicz, Rafal"]
[Black "Laszewski, Kazimierz"]
[Result "1/2-1/2"]
[WhiteElo "1588"]
[BlackElo "1769"]
[PlyCount "61"]
[EventDate "2010.??.??"]

1. Nf3 d5 2. d3 Nf6 3. g3 Nc6 4. Bg2 e5 5. O-O Bc5 6. a3 a5 7. Nbd2 O-O 8. e4
d4 9. h3 h6 10. Nc4 Re8 11. Re1 b5 12. Ncd2 Bd7 13. a4 b4 14. b3 Qc8 15. Kh2 g5
16. Ng1 Kg7 17. Nc4 Rg8 18. Rf1 Kf8 19. Bd2 Bd6 20. Ne2 Ra6 21. Rh1 Nh7 22. Rf1
Ne7 23. Ng1 Ng6 24. f3 h5 25. Qe1 Qd8 26. Qf2 Be6 27. Nxd6 Rxd6 28. Be1 Qe7 29.
Ne2 Bd7 30. g4 Nf4 31. Ng3 1/2-1/2

[Event "XV Konik Morski Rewala - Open B"]
[Site "Rewal"]
[Date "2010.08.24"]
[Round "5.45"]
[White "Majdecki, Robert"]
[Black "Janik, Lidia"]
[Result "0-1"]
[WhiteElo "1717"]
[BlackElo "1608"]
[PlyCount "64"]
[EventDate "2010.??.??"]

1. d4 Nf6 2. Nf3 d6 3. c4 g6 4. Nc3 Bg7 5. e4 O-O 6. Be2 e5 7. d5 c6 8. O-O Qc7
9. Bg5 Nbd7 10. Qd2 Nc5 11. Bd3 Bg4 12. Qe3 Bxf3 13. Qxf3 Nxd3 14. Qxd3 Nd7 15.
Rab1 f5 16. f3 a6 17. a4 c5 18. b4 cxb4 19. Rxb4 Qc5+ 20. Be3 Qxb4 21. Rb1 Qa5
22. Rxb7 Nc5 23. Bxc5 Qxc5+ 24. Kf1 Rac8 25. Ke1 Qxc4 26. Qxc4 Rxc4 27. Kd2
Rfc8 28. Rb3 Bh6+ 29. Kd3 Rd4+ 30. Ke2 Rd2+ 31. Kf1 Rd3 32. Ne2 Rxb3 0-1

[Event "XV Konik Morski Rewala - Open B"]
[Site "Rewal"]
[Date "2010.08.24"]
[Round "5.46"]
[White "Mirski, Roman (j)"]
[Black "Prazmowski, Wlodzimierz"]
[Result "0-1"]
[WhiteElo "1568"]
[BlackElo "1701"]
[PlyCount "66"]
[EventDate "2010.??.??"]

1. d4 d5 2. c4 e6 3. Nf3 Nf6 4. Bg5 Be7 5. e3 O-O 6. Bd3 dxc4 7. Bxc4 c5 8. O-O
Nbd7 9. Nc3 h6 10. Bxf6 Nxf6 11. Rc1 a6 12. a4 Qb6 13. b3 Rd8 14. Qc2 cxd4 15.
Nxd4 Bd7 16. Ne4 Rac8 17. Rfd1 Ng4 18. Nf3 Qb4 19. h3 Nf6 20. Ne5 Nd5 21. Rd4
b5 22. Nd3 Qa5 23. b4 Qb6 24. a5 Qb8 25. Qb3 bxc4 26. Rcxc4 Rxc4 27. Rxc4 Bb5
28. Rd4 f5 29. Nec5 Bxc5 30. Nxc5 Qe5 31. e4 Qxd4 32. Nxe6 Qa1+ 33. Kh2 Qe5+
0-1

[Event "XV Konik Morski Rewala - Open B"]
[Site "Rewal"]
[Date "2010.08.24"]
[Round "5.47"]
[White "Wojna, Natalia"]
[Black "Bieniek, Kazimierz"]
[Result "1-0"]
[WhiteElo "1527"]
[BlackElo "1696"]
[PlyCount "59"]
[EventDate "2010.??.??"]

1. e4 c5 2. Nf3 Nc6 3. d4 cxd4 4. Nxd4 Qb6 5. Nxc6 bxc6 6. b3 Nf6 7. Bd3 e5 8.
Bb2 d6 9. Nd2 Be6 10. O-O Be7 11. Kh1 O-O 12. f4 Ng4 13. Qe1 exf4 14. Rxf4 Bg5
15. Rxg4 Bxg4 16. Nc4 Qd8 17. Qg3 Bh5 18. Nxd6 Bg6 19. Rf1 Bh4 20. Qf4 Bg5 21.
Qg3 Bh4 22. Qf4 Qg5 23. Bc4 Qxf4 24. Rxf4 Be7 25. Nf5 Bg5 26. Rg4 Rad8 27. h4
Bf6 28. Bxf6 Rd1+ 29. Kh2 h5 30. Rxg6 1-0

[Event "XV Konik Morski Rewala - Open B"]
[Site "Rewal"]
[Date "2010.08.24"]
[Round "5.48"]
[White "Krolak, Dominika"]
[Black "Sowa, Martyna"]
[Result "0-1"]
[WhiteElo "1443"]
[BlackElo "1695"]
[PlyCount "51"]
[EventDate "2010.??.??"]

1. d4 Nf6 2. c4 g6 3. Nc3 d5 4. Bf4 Bg7 5. e3 O-O 6. Nb5 Na6 7. Nf3 c6 8. Nc3
Bf5 9. Nh4 Bd7 10. h3 Nh5 11. Bh2 e5 12. Nf3 exd4 13. Nxd4 c5 14. Nb3 Bc6 15.
Be2 d4 16. exd4 cxd4 17. Nb5 Bxb5 18. cxb5 Nb4 19. O-O Qf6 20. Bxh5 gxh5 21.
Qxh5 d3 22. Qd1 Qxb2 23. Bd6 Qa3 24. Bxf8 Rxf8 25. Rb1 Qxa2 26. Qxd3 0-1

[Event "XV Konik Morski Rewala - Open B"]
[Site "Rewal"]
[Date "2010.08.24"]
[Round "5.50"]
[White "Krzysztofiak, Zdzislaw"]
[Black "Szmer, Aleksander"]
[Result "1/2-1/2"]
[WhiteElo "1664"]
[BlackElo "1574"]
[PlyCount "40"]
[EventDate "2010.??.??"]

1. e4 e6 2. d4 d5 3. e5 c5 4. Nf3 Nc6 5. c3 Qb6 6. Qb3 Qc7 7. Be3 b6 8. Bb5 Bd7
9. O-O c4 10. Qc2 a6 11. Bxc6 Bxc6 12. b3 Bb5 13. b4 a5 14. bxa5 Rxa5 15. Qb2
Ne7 16. Na3 Bc6 17. Rfb1 Nc8 18. Nc2 Ba4 19. Nb4 Bxb4 20. Qxb4 Bc6 1/2-1/2

[Event "XV Konik Morski Rewala - Open B"]
[Site "Rewal"]
[Date "2010.08.24"]
[Round "5.51"]
[White "Stankowski, Aleksander"]
[Black "Hagner, Pawel"]
[Result "1-0"]
[WhiteElo "1804"]
[BlackElo "1901"]
[PlyCount "59"]
[EventDate "2010.??.??"]

1. Nf3 Nf6 2. g3 g6 3. Bg2 Bg7 4. O-O O-O 5. d3 d6 6. Nc3 e5 7. e4 Nbd7 8. Nh4
a6 9. f4 c6 10. f5 Nh5 11. Bf3 Nhf6 12. Qe1 Qe7 13. g4 d5 14. g5 Qc5+ 15. d4
exd4 16. gxf6 Bxf6 17. Nd1 Qxc2 18. fxg6 hxg6 19. exd5 cxd5 20. Bxd5 Kg7 21.
Be4 Qc7 22. Bf4 Ne5 23. Qg3 Rh8 24. Nxg6 fxg6 25. Bxe5 Qxe5 26. Qxg6+ Kf8 27.
Rxf6+ Ke7 28. Qg7+ Kd8 29. Qxh8+ Kc7 30. Rc6+ 1-0

[Event "XV Konik Morski Rewala - Open B"]
[Site "Rewal"]
[Date "2010.08.25"]
[Round "6.1"]
[White "Kaczmarek, Aleksander"]
[Black "Koziej, Maciej"]
[Result "1-0"]
[WhiteElo "2012"]
[BlackElo "2025"]
[PlyCount "65"]
[EventDate "2010.??.??"]

1. e4 Nf6 2. e5 Nd5 3. c4 Nb6 4. d4 d6 5. exd6 cxd6 6. Nc3 g6 7. Be3 Bg7 8. Rc1
O-O 9. Nf3 Bg4 10. h3 Bxf3 11. Qxf3 Nc6 12. Qd1 d5 13. c5 Nc4 14. Bxc4 dxc4 15.
d5 Nb4 16. O-O Nd3 17. Rc2 Rc8 18. Qg4 Ne5 19. Qh4 Qd7 20. Bd4 Qf5 21. Re2 Bf6
22. Qe4 Nd3 23. Qxf5 gxf5 24. Bxf6 exf6 25. Re7 Nxc5 26. d6 Rcd8 27. Rd1 Rfe8
28. Nd5 Kg7 29. Rde1 Rxd6 30. Rxe8 Rxd5 31. Rc8 b5 32. Rc7 Ne6 33. Rxe6 1-0

[Event "XV Konik Morski Rewala - Open B"]
[Site "Rewal"]
[Date "2010.08.25"]
[Round "6.2"]
[White "Szczecina, Michal"]
[Black "Zakrzewski, Marek"]
[Result "1/2-1/2"]
[WhiteElo "2100"]
[BlackElo "1991"]
[PlyCount "72"]
[EventDate "2010.??.??"]

1. d4 d5 2. c4 Nc6 3. Nc3 Nf6 4. cxd5 Nxd5 5. e4 Nxc3 6. bxc3 e5 7. d5 Nb8 8.
Nf3 Bd6 9. h3 O-O 10. Bd3 Nd7 11. Be3 Qe7 12. O-O Nc5 13. Bc2 Bd7 14. Nd2 Rae8
15. Qb1 b6 16. a4 a5 17. Nc4 Nb7 18. Nxd6 Nxd6 19. Qb3 Kh8 20. Bd3 f5 21. exf5
Bxf5 22. Bxf5 Nxf5 23. Qc4 Qf7 24. Rad1 Re7 25. Qc6 Qh5 26. d6 cxd6 27. Bxb6 e4
28. Rxd6 Nxd6 29. Qxd6 Rfe8 30. Bd4 Qf5 31. Re1 Rf7 32. Qc6 Re6 33. Qc8+ Rf8
34. Qd7 Rf7 35. Qc8+ Rf8 36. Qd7 Rf7 1/2-1/2

[Event "XV Konik Morski Rewala - Open B"]
[Site "Rewal"]
[Date "2010.08.25"]
[Round "6.3"]
[White "Ziebinski, Bartosz"]
[Black "Krajewicz, Pawel"]
[Result "0-1"]
[WhiteElo "1954"]
[BlackElo "2005"]
[PlyCount "69"]
[EventDate "2010.??.??"]

1. e4 e6 2. d4 d5 3. Nd2 Nf6 4. e5 Nfd7 5. c3 c5 6. Bd3 Nc6 7. Ne2 Qb6 8. Nf3
Be7 9. O-O cxd4 10. cxd4 f6 11. exf6 Nxf6 12. b3 O-O 13. Bf4 Bd7 14. Be5 Ng4
15. Bg3 Rac8 16. h3 Nh6 17. a4 Nf5 18. Be5 Be8 19. Rc1 Bg6 20. Bxf5 Bxf5 21.
Bg3 Ba3 22. Ra1 Be7 23. Nf4 Na5 24. Re1 Nxb3 25. Ra2 Rc1 26. Qe2 Bb1 27. Rb2
Nxd4 28. Nxd4 Rxe1+ 29. Qxe1 Qxb2 30. Qxe6+ Rf7 31. Nxd5 Bf8 32. Nf3 Bf5 33.
Qe8 Qc1+ 34. Kh2 Qc8 35. Qe2 0-1

[Event "XV Konik Morski Rewala - Open B"]
[Site "Rewal"]
[Date "2010.08.25"]
[Round "6.4"]
[White "Swiech, Piotr"]
[Black "Karcz, Bartlomiej"]
[Result "0-1"]
[WhiteElo "1943"]
[BlackElo "1988"]
[PlyCount "44"]
[EventDate "2010.??.??"]

1. d4 Nf6 2. c4 e5 3. d5 Bc5 4. e3 d6 5. Nc3 O-O 6. Bd2 Bf5 7. Na4 Nbd7 8. b4
Bb6 9. f3 Nh5 10. Qe2 Bg6 11. g3 f5 12. Nh3 f4 13. Nxb6 axb6 14. g4 fxe3 15.
Qxe3 Nf4 16. Nxf4 exf4 17. Qd4 Ne5 18. Be2 Bd3 19. Bxf4 Bxe2 20. Kxe2 Qf6 21.
Bxe5 Qxf3+ 22. Kd2 Qg2+ 0-1

[Event "XV Konik Morski Rewala - Open B"]
[Site "Rewal"]
[Date "2010.08.25"]
[Round "6.5"]
[White "Poswiatowski, Michal"]
[Black "Czernicki, Bogdan"]
[Result "1/2-1/2"]
[WhiteElo "1925"]
[BlackElo "1960"]
[PlyCount "41"]
[EventDate "2010.??.??"]

1. e4 e6 2. d4 d5 3. Nc3 Bb4 4. e5 Qd7 5. f4 b6 6. Qg4 f5 7. Qh5+ Qf7 8. Qxf7+
Kxf7 9. Bd2 a5 10. Nb5 Bxd2+ 11. Kxd2 Na6 12. Rc1 Ne7 13. Nf3 h6 14. a3 Bd7 15.
h3 Bxb5 16. Bxb5 c6 17. Bd3 c5 18. c3 c4 19. Bb1 b5 20. g4 g6 21. g5 1/2-1/2

[Event "XV Konik Morski Rewala - Open B"]
[Site "Rewal"]
[Date "2010.08.25"]
[Round "6.6"]
[White "Choroszej, Aleksander"]
[Black "Szydlowski, Kazimierz"]
[Result "1/2-1/2"]
[WhiteElo "2095"]
[BlackElo "1906"]
[PlyCount "33"]
[EventDate "2010.??.??"]

1. d4 Nf6 2. c4 e6 3. Nf3 d5 4. Nc3 Bb4 5. Qc2 c5 6. cxd5 exd5 7. e3 Nc6 8. Be2
O-O 9. O-O cxd4 10. exd4 Bg4 11. Be3 Rc8 12. Qb3 Bxc3 13. bxc3 Na5 14. Qa3 a6
15. Rac1 Re8 16. Rfe1 Ne4 17. Qb2 1/2-1/2

[Event "XV Konik Morski Rewala - Open B"]
[Site "Rewal"]
[Date "2010.08.25"]
[Round "6.7"]
[White "Starczewska, Dominika"]
[Black "Nowak, Ryszard"]
[Result "1/2-1/2"]
[WhiteElo "1886"]
[BlackElo "2091"]
[PlyCount "64"]
[EventDate "2010.??.??"]

1. e4 c6 2. d4 d5 3. Nc3 dxe4 4. Nxe4 Nd7 5. Ng5 Ndf6 6. Bc4 Nh6 7. N1f3 Bg4 8.
O-O e6 9. h3 Bxf3 10. Qxf3 Nf5 11. Nxf7 Nxd4 12. Nxd8 Nxf3+ 13. gxf3 Kxd8 14.
Bxe6 Bd6 15. Bg5 Kc7 16. Rad1 Rae8 17. Rfe1 Re7 18. b4 Rd8 19. a3 h6 20. Bd2
Rde8 21. Bb3 Rxe1+ 22. Rxe1 Rxe1+ 23. Bxe1 Be5 24. Bd2 Nh5 25. h4 Nf4 26. Kf1
Kd6 27. Be3 b6 28. a4 Ng6 29. h5 Nf4 30. Bf7 Ke7 31. Bxf4 Bxf4 32. Bg6 Kd6
1/2-1/2

[Event "XV Konik Morski Rewala - Open B"]
[Site "Rewal"]
[Date "2010.08.25"]
[Round "6.8"]
[White "Gonsior, Monika"]
[Black "Grabowski, Adam"]
[Result "1-0"]
[WhiteElo "2087"]
[BlackElo "1952"]
[PlyCount "55"]
[EventDate "2010.??.??"]

1. e4 e5 2. Nc3 Nf6 3. Bc4 Bc5 4. d3 Nc6 5. Bg5 h6 6. Bh4 d6 7. Qd2 Be6 8. Nd5
g5 9. Bg3 a6 10. h4 g4 11. h5 Bxd5 12. Bxd5 Nxd5 13. exd5 Nd4 14. Bh4 Qd7 15.
O-O-O Qa4 16. Kb1 Nb5 17. Ne2 a5 18. Rhe1 Kd7 19. Ng3 f5 20. Nxf5 Ra6 21. Re4
Na3+ 22. Kc1 Qb5 23. Qe2 Rb6 24. c3 Ra8 25. Nd4 Bxd4 26. Qxg4+ Ke8 27. Qe6+ Kf8
28. Be7+ 1-0

[Event "XV Konik Morski Rewala - Open B"]
[Site "Rewal"]
[Date "2010.08.25"]
[Round "6.9"]
[White "Bednarski, Dawid"]
[Black "Janus, Przemyslaw"]
[Result "0-1"]
[WhiteElo "1822"]
[BlackElo "2085"]
[PlyCount "126"]
[EventDate "2010.??.??"]

1. f4 d5 2. Nf3 Bg4 3. e3 Nd7 4. Be2 Ngf6 5. Nc3 c6 6. O-O Bxf3 7. Bxf3 e5 8.
fxe5 Nxe5 9. d4 Nxf3+ 10. Qxf3 Bb4 11. Bd2 O-O 12. a3 Bxc3 13. Bxc3 Re8 14.
Rae1 Qd7 15. b3 Ne4 16. Bb2 Nd2 17. Qf5 Re6 18. Rf4 Qe7 19. Qd3 Ne4 20. c4 a6
21. cxd5 cxd5 22. Rf5 Nf6 23. b4 b5 24. h3 Rc6 25. Rc1 Rxc1+ 26. Bxc1 Rc8 27.
Bd2 Qd6 28. Rf1 Ne4 29. Be1 Qg6 30. Qb3 Rc4 31. a4 Ng5 32. Kh1 Qe4 33. Rf4 Qe6
34. axb5 axb5 35. Qa3 h6 36. Kh2 Qd6 37. Bg3 Qd7 38. h4 Ne4 39. Qa8+ Kh7 40.
Qf8 Nf6 41. Rxf6 gxf6 42. Bf4 Rc8 43. Qxh6+ Kg8 44. Qxf6 Rc6 45. Qe5 Kh7 46.
Qh5+ Kg8 47. Be5 f6 48. Qg6+ Kf8 49. Bf4 Qf7 50. Qd3 Rc4 51. Bd6+ Kg7 52. Qf5
Rc3 53. Qg4+ Kh8 54. Qf4 Qg6 55. g4 Rc1 56. Qf3 Re1 57. h5 Qg5 58. Bg3 Rxe3 59.
Qf1 Kg7 60. Qxb5 Qxg4 61. Qb7+ Kh6 62. Qb8 Re2+ 63. Kg1 Qxd4+ 0-1

[Event "XV Konik Morski Rewala - Open B"]
[Site "Rewal"]
[Date "2010.08.25"]
[Round "6.10"]
[White "Tobolski, Jakub"]
[Black "Snihur, Piotr"]
[Result "1-0"]
[WhiteElo "2073"]
[BlackElo "1731"]
[PlyCount "105"]
[EventDate "2010.??.??"]

1. e4 c5 2. Nf3 d6 3. d4 cxd4 4. Nxd4 Nf6 5. Nc3 a6 6. Be2 e6 7. O-O Be7 8. Be3
O-O 9. a4 Nbd7 10. f4 Qc7 11. Bf3 Rb8 12. Qe2 Nb6 13. Bf2 Nc4 14. b3 Nb6 15.
Qe3 Nbd7 16. g4 Ne8 17. Rae1 b6 18. b4 Bb7 19. Bg3 Rc8 20. Nce2 Qc4 21. c3 a5
22. Rb1 Ba8 23. Nb5 d5 24. Na3 Qa2 25. Ra1 Qb3 26. Rfb1 d4 27. Qd3 Qxa4 28. Nb5
Qxa1 29. Rxa1 axb4 30. cxd4 Nd6 31. Ra7 Rfd8 32. f5 Nxb5 33. Qxb5 Bc6 34. Qd3
Bf6 35. fxe6 fxe6 36. Qb3 Nf8 37. Qxb4 b5 38. Bf2 Be8 39. e5 Bg5 40. h4 Bc1 41.
Qb1 Bg6 42. Qxb5 Rc2 43. h5 Be8 44. Qb4 Bg5 45. Qb7 Rd7 46. Qa6 Rd2 47. Rxd7
Bxd7 48. Nc3 Rc2 49. Ne4 Be7 50. Nc5 Kf7 51. Nxd7 Nxd7 52. Qb7 Nf8 53. Bh4 1-0

[Event "XV Konik Morski Rewala - Open B"]
[Site "Rewal"]
[Date "2010.08.25"]
[Round "6.11"]
[White "Szmidt, Przemyslaw"]
[Black "Somyk, Marcin"]
[Result "1-0"]
[WhiteElo "2033"]
[BlackElo "1869"]
[PlyCount "145"]
[EventDate "2010.??.??"]

1. d4 d5 2. c4 e6 3. g3 c6 4. Bg2 Bd6 5. Qc2 Nf6 6. Nf3 O-O 7. O-O Nbd7 8. Rd1
Qe7 9. Nbd2 e5 10. dxe5 Nxe5 11. Nxe5 Qxe5 12. cxd5 cxd5 13. Nf3 Qh5 14. Bg5
Ne4 15. Rxd5 f5 16. Rxd6 Nxg5 17. Nxg5 Qxg5 18. Qd2 Qxd2 19. Rxd2 Rb8 20. Rad1
Be6 21. Bd5 Rfe8 22. e3 Kf7 23. Bxe6+ Rxe6 24. Rd5 g6 25. Rd8 Rxd8 26. Rxd8 Re7
27. Kg2 Ke6 28. Kf3 Ke5 29. Ke2 Rc7 30. h4 Rc2+ 31. Rd2 Rc7 32. Kf3 Re7 33. Rd8
Rc7 34. Rb8 b6 35. g4 Rc2 36. gxf5 Rxb2 37. fxg6 hxg6 38. a4 Rb4 39. Re8+ Kf5
40. Rf8+ Ke5 41. Re8+ Kf5 42. e4+ Kf6 43. Kf4 Rxa4 44. Rc8 b5 45. Rc6+ Kf7 46.
Ke5 b4 47. Rc7+ Ke8 48. Rb7 Ra5+ 49. Kd4 Rh5 50. Rxa7 Rxh4 51. Rb7 Rh3 52. Rxb4
Rf3 53. Rb2 Ke7 54. e5 Ke6 55. Ke4 Rh3 56. Rb6+ Kf7 57. Rf6+ Kg7 58. Rf3 Rh8
59. e6 Rd8 60. Rf7+ Kg8 61. Ke5 Rd2 62. f3 Rd3 63. f4 Rf3 64. Ra7 Kf8 65. Rd7
Rf1 66. Rb7 Kg8 67. Kd6 g5 68. f5 g4 69. f6 g3 70. Rg7+ Kh8 71. Ke7 Rh1 72.
Rxg3 Rh7+ 73. f7 1-0

[Event "XV Konik Morski Rewala - Open B"]
[Site "Rewal"]
[Date "2010.08.25"]
[Round "6.12"]
[White "Botor, Michal"]
[Black "Dzierzak, Radoslaw"]
[Result "1-0"]
[WhiteElo "1987"]
[BlackElo "1608"]
[PlyCount "59"]
[EventDate "2010.??.??"]

1. e4 d5 2. exd5 Qxd5 3. Nc3 Qa5 4. Nf3 Nf6 5. Be2 Bf5 6. O-O c6 7. d3 e6 8.
Bf4 Nbd7 9. a3 Nd5 10. Nxd5 cxd5 11. Re1 Be7 12. Nd4 Bg6 13. Bg4 Qa4 14. c4
Qxd1 15. Raxd1 Bf6 16. Nb5 O-O 17. cxd5 Nc5 18. Bd6 Nxd3 19. Bxf8 Nxe1 20. Bd6
Nd3 21. dxe6 fxe6 22. Bxe6+ Kh8 23. Bd5 a6 24. Bxb7 Rd8 25. Bc7 axb5 26. Bxd8
Bxd8 27. a4 Bb6 28. axb5 Nxf2 29. Rd6 Ba7 30. Rc6 1-0

[Event "XV Konik Morski Rewala - Open B"]
[Site "Rewal"]
[Date "2010.08.25"]
[Round "6.14"]
[White "Cyra, Dariusz"]
[Black "Dowgird, Filip"]
[Result "0-1"]
[WhiteElo "1874"]
[BlackElo "2096"]
[PlyCount "76"]
[EventDate "2010.??.??"]

1. d4 Nf6 2. c4 d6 3. Nc3 Nbd7 4. Nf3 e5 5. Bg5 Be7 6. e3 O-O 7. Bd3 c6 8. Qc2
h6 9. h4 Re8 10. Bxf6 Bxf6 11. O-O-O Qa5 12. g4 exd4 13. exd4 Nf8 14. g5 Bd8
15. gxh6 gxh6 16. Rdg1+ Kh8 17. c5 Bf6 18. Qd2 Bg7 19. Qf4 f5 20. Qxd6 Be6 21.
Qg3 Re7 22. Ne5 Rd8 23. Qf4 Qc7 24. Ne2 Bxa2 25. Qxf5 Bxe5 26. dxe5 Qxe5 27.
Qxe5+ Rxe5 28. Rg3 Rxd3 29. Rxd3 Rxe2 30. Ra3 Bd5 31. Rg1 a6 32. Re3 Rxf2 33.
Re7 Rf7 34. Re8 Kh7 35. h5 Ne6 36. b4 Nf4 37. Rg4 Nxh5 38. Kb2 Nf6 0-1

[Event "XV Konik Morski Rewala - Open B"]
[Site "Rewal"]
[Date "2010.08.25"]
[Round "6.15"]
[White "Galaszewski, Patryk"]
[Black "Slabek, Grzegorz"]
[Result "1-0"]
[WhiteElo "1829"]
[BlackElo "2065"]
[PlyCount "87"]
[EventDate "2010.??.??"]

1. d4 Nf6 2. c4 c6 3. Nf3 g6 4. Nc3 Bg7 5. e4 d6 6. Bd3 O-O 7. O-O Nbd7 8. Rb1
e5 9. d5 Nc5 10. b4 Nxd3 11. Qxd3 cxd5 12. cxd5 h6 13. Nd2 Nh5 14. Nc4 f5 15.
f3 Nf4 16. Bxf4 exf4 17. Rfe1 fxe4 18. Nxe4 Bf5 19. Qd2 Bxe4 20. Rxe4 b5 21.
Na5 Be5 22. Nc6 Qf6 23. Qe2 Rfe8 24. Qxb5 Bc3 25. Qe2 Bd4+ 26. Kh1 Be3 27.
Rxe8+ Rxe8 28. a4 Kf7 29. Qc4 Qh4 30. Qf1 Bf2 31. b5 h5 32. a5 g5 33. Qd3 Bc5
34. Qf1 Bf2 35. b6 axb6 36. a6 b5 37. a7 b4 38. Ra1 Ra8 39. Qa6 Bg3 40. h3 g4
41. Qb7+ Kg6 42. Ne7+ Kg5 43. Qd7 Rf8 44. a8=Q 1-0

[Event "XV Konik Morski Rewala - Open B"]
[Site "Rewal"]
[Date "2010.08.25"]
[Round "6.16"]
[White "Korcz, Daniel"]
[Black "Weglarz, Joanna"]
[Result "0-1"]
[WhiteElo "1804"]
[BlackElo "2037"]
[PlyCount "48"]
[EventDate "2010.??.??"]

1. e4 c5 2. Nf3 d6 3. d4 cxd4 4. Nxd4 Nf6 5. Nc3 a6 6. Be2 e6 7. Be3 Qc7 8. O-O
b5 9. a3 Bb7 10. Bd3 Be7 11. f4 O-O 12. Qf3 Nc6 13. Nxc6 Bxc6 14. g4 Nd7 15.
Qh3 Nc5 16. Bxc5 dxc5 17. e5 h6 18. Be4 b4 19. Qf3 bxc3 20. Bxc6 Rac8 21. Bb7
Rb8 22. Bxa6 cxb2 23. Rab1 c4 24. Kg2 Rb6 0-1